El romance de la duermesiempre /

Guardado en:
Autor Principal: Córdova, Soledad
Formato: Libro
Publicado: Buenos Aires : Alberto Luongo, 2013
Series:Garabato / Isabel Naranjo Vega
Materias:
Etiquetas: Agregar Etiqueta
Sin Etiquetas, Sea el primero en etiquetar este registro!
LEADER 00846nam a22002655a 4500
001 CEM.cems015530
005 20191211180710.0
008 130507s2013##################000#0#####d
003 CEMS
020 |a 9789872903602 
082 0 4 |a E868.4 
100 1 |a Córdova, Soledad 
245 1 0 |a El romance de la duermesiempre /  |c Soledad Córdova 
260 |a Buenos Aires :  |b Alberto Luongo,  |c 2013 
300 |a 24 p. 
490 0 |a Garabato / Isabel Naranjo Vega 
653 |a Literatura 
653 |a Literatura ecuatoriana 
653 |a Literatura infantil 
653 |a Cuentos infantiles 
653 |a Colección ciencias de la educación 
653 |a Poesía 
653 |a Poesía infantil 
859 |a CEMS  |b BIB. CEMS - Ccias. Educacion  |h E868.4  |i C812  |k CE  |p 28774.19  |t Ej.1 
859 |a CEMS  |b BIB. CEMS - Ccias. Educacion  |h E868.4  |i C812  |k CE  |p 28775.19  |t Ej.2